000 01369nam a2200361 i 4500
003 EG-GICUC
005 20260121101646.0
008 260104s1991 ua ||||fr|||| 000 0 ara d
017 _a1991/2754
020 _a977-04-0668-6
040 _a EG-GICUC
_bara
_c EG-GICUC
_d EG-GICUC
_erda
041 _aara
082 0 4 _221
_a345.693
_bم ح . ر
092 0 4 _221
099 _aLaw1 07 345.693 م ح . ر 2 ed - 1991
100 0 _aمحمد حسنين عبد العال
_eمؤلف.
245 1 2 _aالرقابة القضائية على قرارات الضبط الإداري /
_cدكتور محمد حسنين عبد العال .
250 _aالطبعة الثانية
264 1 _aالقاهرة :
_bدار النهضة العربية ،
_c1991 .
300 _a165 ؛ صفحة
_c24 سم
336 _2rda content
_atext
337 _2rda media
_aComputer
338 _2rda carrier
_aOnline Resource
504 _a. 165-163 ببليوجرافيا: صفحات.
504 _aيشتمل على إرجاعات ببليوجرافية
546 _aالنص باللغة العربية
650 1 4 _aالرقابة القضائية علي اعمال الادارة
_2qrmak
650 1 4 _aالقانون الإداري
_2qrmak
651 1 _2qrmak
856 4 0 _uhttps://fll.law.cu.edu.eg/fulltext/bks/B07-02458.pdf
905 _a61
942 _2ddc
_cBK
_e21
_n0
999 _c54504
_d54504